00893cam a2200241 a 450000100100000000500170001000800410002702000150006804000290008308200180011210000330013024501250016326000420028830000210033050400320035165000220038365000340040570000300043991000340046904900090050395201220051299900170063400001177720200929162548.0880819s1988 mdua b 000 0 spa  a0935318151 aDO-SdBNPbspacLCdBNPHU a401.41bB423s1 aBejel, Emilio,d1944-91422513aLa subversión de la semiótica :banálisis estructural de textos hispánicos /cEmilio Bejel y Ramiro Fernández. aGaithersburg :bHispamérica,c1988. a265 p. ;c22 cm. aBibliografía: p. 259-265. 4aSemiótica94668 4aAnálisis del discurso922821 aFernandez, Ramiro.927859 aCatalogación por copia / LC aBNGR 001052708MOaGRbGRcCTd2009-10-27iLF1l0o401.41 B423sp11777-10r2020-06-25w2020-06-25y2ZPréstamo interno c11451d11451